<?xml version="1.0" encoding="UTF-8"?>
<record
    xmlns:xsi="http://www.w3.org/2001/XMLSchema-instance"
    xsi:schemaLocation="http://www.loc.gov/MARC21/slim http://www.loc.gov/standards/marcxml/schema/MARC21slim.xsd"
    xmlns="http://www.loc.gov/MARC21/slim">

  <leader>00727nab a2200205 uc4500</leader>
  <controlfield tag="001">713486</controlfield>
  <controlfield tag="005">20260427114053.0</controlfield>
  <controlfield tag="008">011217s1998                        spa  </controlfield>
  <datafield tag="035" ind1=" " ind2=" ">
    <subfield code="a">713486</subfield>
  </datafield>
  <datafield tag="035" ind1=" " ind2=" ">
    <subfield code="a">(OCoLC)819928232</subfield>
  </datafield>
  <datafield tag="040" ind1=" " ind2=" ">
    <subfield code="c">comduadb</subfield>
  </datafield>
  <datafield tag="041" ind1=" " ind2=" ">
    <subfield code="a">spa</subfield>
  </datafield>
  <datafield tag="100" ind1="1" ind2="0">
    <subfield code="a">Posada Mej&#xED;a, Gisela Sof&#xED;a</subfield>
    <subfield code="4">aut</subfield>
    <subfield code="e">aut</subfield>
    <subfield code="9">325972</subfield>
  </datafield>
  <datafield tag="245" ind1="1" ind2="0">
    <subfield code="a">Jose Manuel Arango : un poeta del silencio</subfield>
  </datafield>
  <datafield tag="650" ind1=" " ind2=" ">
    <subfield code="a">Arango, Jos&#xE9; Manuel, 1937-2002</subfield>
    <subfield code="9">30006</subfield>
  </datafield>
  <datafield tag="650" ind1=" " ind2=" ">
    <subfield code="a">Universidad de Antioquia - Profesores</subfield>
    <subfield code="9">33132</subfield>
  </datafield>
  <datafield tag="650" ind1=" " ind2="7">
    <subfield code="a">Poetas antioque&#xF1;os</subfield>
    <subfield code="2">lemb</subfield>
    <subfield code="9">475</subfield>
  </datafield>
  <datafield tag="773" ind1="0" ind2=" ">
    <subfield code="t">Alma Mater. Universidad de Antioquia (Medell&#xED;n)</subfield>
    <subfield code="g">N&#xFA;mero 455, Febrero 1998, p. 16</subfield>
    <subfield code="w">(CO-MdUADB)700931</subfield>
    <subfield code="x">1657-4303</subfield>
    <subfield code="0">212942</subfield>
    <subfield code="9">893656</subfield>
    <subfield code="o">61000004291184</subfield>
  </datafield>
  <datafield tag="942" ind1=" " ind2=" ">
    <subfield code="c">ARIMP</subfield>
  </datafield>
  <datafield tag="999" ind1=" " ind2=" ">
    <subfield code="c">224451</subfield>
    <subfield code="d">224451</subfield>
  </datafield>
</record>
